[Event "Game 1 - Rated game, 28m + 3s"]
[Site "Main Playing Hall"]
[Date "2002.08.08"]
[Round "?"]
[White "JimmyMack"]
[Black "kmreese"]
[Result "0-1"]
[WhiteElo "1425"]
[BlackElo "1421"]
[PlyCount "22"]
[EventDate "2002.??.??"]
[SourceDate "2002.01.01"]

1. e4 e5 2. Nc3 d6 3. d4 Nc6 4. dxe5 Nxe5
5. f4 Ng4 6. Bb5+ c6 7. Be2 h5 8. h3 Qh4+
9. g3 Qxg3+ 10. Kd2 Nf2 11. Qe1 Qxf4# 0-1

[Event "Game 2 - Rated game, 28m + 3s"]
[Site "Main Playing Hall"]
[Date "2002.08.08"]
[Round "?"]
[White "kmreese"]
[Black "JimmyMack"]
[Result "0-1"]
[WhiteElo "1421"]
[BlackElo "1425"]
[PlyCount "44"]
[EventDate "2002.??.??"]
[SourceDate "2002.01.01"]

1. d4 f5 2. Nf3 Nf6 3. Nc3 g6 4. d5 Bg7
5. Bf4 O-O 6. Nb5 d6 7. e3 c6 8. dxc6 bxc6
9. Nbd4 Ne4 10. Nxc6 Nxc6 11. Qd5+ Be6 12. Qxe6+ Kh8
13. O-O-O Nxf2 14. Bb5 Nxh1 15. Bxc6 Bxb2+ 16. Kxb2 Qb6+
17. Kc1 Qxc6 18. Bh6 Rfc8 19. Ne1 Nf2 20. Qf7 Rg8
21. Qxe7 Qc3 22. Rd2 Qa1# 0-1

[Event "Game 3 - Rated game, 25m + 0s"]
[Site "Main Playing Hall"]
[Date "2002.11.06"]
[Round "?"]
[White "kmreese"]
[Black "JimmyMack"]
[Result "0-1"]
[WhiteElo "1520"]
[BlackElo "1597"]
[PlyCount "48"]
[EventDate "2002.??.??"]
[SourceDate "2002.01.01"]

1. d4 f5 2. c4 Nf6 3. d5 c6 4. Nc3 Qa5
5. Bd2 Qc5 6. e3 cxd5 7. cxd5 Nxd5 8. Na4 Qc7
9. Rc1 Nc6 10. Rc5 e6 11. Nf3 Bxc5 12. Nxc5 b6
13. e4 fxe4 14. Nxe4 O-O 15. Nfg5 h6 16. Qh5 Qe5
17. Bc3 Nxc3 18. bxc3 hxg5 19. Bd3 d5 20. O-O dxe4
21. Re1 Qxc3 22. Qxg5 Qxe1+ 23. Bf1 Qxf2+ 24. Kh1 Qxf1# 0-1

[Event "Game 4 - Rated game, 25m + 0s"]
[Site "Main Playing Hall"]
[Date "2002.11.06"]
[Round "?"]
[White "JimmyMack"]
[Black "kmreese"]
[Result "1-0"]
[WhiteElo "1597"]
[BlackElo "1520"]
[PlyCount "101"]
[EventDate "2002.??.??"]
[SourceDate "2002.01.01"]

1. e4 c5 2. f4 Nf6 3. Nc3 d6 4. Bb5+ Bd7
5. Bxd7+ Nbxd7 6. Nf3 Nb6 7. O-O e5 8. fxe5 dxe5
9. Nxe5 Qd4+ 10. Kh1 Qxe5 11. d3 Bd6 12. Bf4 Qd4
13. Nb5 Qxb2 14. Nxd6+ Kd8 15. Nxb7+ Kc8 16. Nxc5 Rd8
17. Bg5 a5 18. Bxf6 gxf6 19. Qg4+ Nd7 20. Nxd7 Rxd7
21. Qg8+ Rd8 22. Qxf7 Rd7 23. Qxf6 Qxf6 24. Rxf6 Rb8
25. Rf8+ Kc7 26. Rxb8 Kxb8 27. Rb1+ Ka8 28. g3 a4
29. a3 Ka7 30. Rb4 Ka6 31. Rxa4+ Kb5 32. Ra8 h5
33. Kg2 Kb6 34. h3 Rg7 35. Rh8 h4 36. Rxh4 Ka5
37. e5 Rb7 38. e6 Re7 39. Re4 Kb5 40. h4 Kc6
41. d4 Kd6 42. h5 Kd5 43. Re1 Kxd4 44. h6 Kd5
45. a4 Kd6 46. a5 Kc6 47. h7 Rxh7 48. e7 Kb5
49. e8=Q+ Kxa5 50. Rb1 Ka6 51. Qa4# 1-0

[Event "Game 5 - Rated game, 25m + 0s"]
[Site "Main Playing Hall"]
[Date "2002.11.22"]
[Round "?"]
[White "JimmyMack"]
[Black "kmreese"]
[Result "0-1"]
[WhiteElo "1686"]
[BlackElo "1581"]
[Annotator "White - Resign"]
[PlyCount "35"]
[EventDate "2002.??.??"]
[SourceDate "2002.01.01"]

1. e4 e5 2. Nc3 c6 3. Bc4 Nf6 4. Bb3 d5
5. f4 d4 6. fxe5 Ng4 7. Nce2 c5 8. Nf3 d3
9. cxd3 c4 10. Bxc4 Bc5 11. Ng5 Qxg5 12. d4 Bb4
13. O-O O-O 14. Rf5 Bxf5 15. exf5 Qh4 16. Ng3 Qxh2+
17. Kf1 Qxg3 18. Qb3 {White - Resign} 0-1

[Event "Game 6 - Rated game, 15m + 0s"]
[Site "Main Playing Hall"]
[Date "2002.12.06"]
[Round "?"]
[White "kmreese"]
[Black "JimmyMack"]
[Result "1/2-1/2"]
[WhiteElo "1401"]
[BlackElo "1438"]
[Annotator "Stalemate"]
[PlyCount "123"]
[EventDate "2002.??.??"]
[SourceDate "2002.01.01"]

1. e4 c5 2. Bc4 d6 3. Nf3 Nf6 4. e5 dxe5
5. Nxe5 e6 6. O-O Nbd7 7. d4 Nxe5 8. dxe5 Nd5
9. Re1 Be7 10. Re4 O-O 11. h4 b6 12. Rg4 f5
13. Rg3 Bxh4 14. Bg5 Bxg5 15. Qh5 h6 16. Nd2 Bxd2
17. Qg6 Qc7 18. Rd1 Bg5 19. Rxd5 Bb7 20. Qxe6+ Qf7
21. Qd7 Rad8 22. Qxf7+ Rxf7 23. Rxd8+ Kh7 24. Rgd3 Bxd8
25. Rxd8 Re7 26. f4 g5 27. Bd3 Kg6 28. Rd6+ Kg7
29. Bxf5 gxf4 30. e6 Kf6 31. Rd7 Rxd7 32. exd7 Ke7
33. Kf2 Bc6 34. c4 Bxd7 35. Bxd7 Kxd7 36. Kf3 Ke6
37. Kxf4 Kf6 38. a4 a5 39. Kg4 Kg6 40. Kh4 Kf5
41. g4+ Kg6 42. b3 Kf6 43. Kh5 Kg7 44. Kh4 Kg6
45. Kh3 Kg5 46. Kg3 Kg6 47. Kh4 Kf6 48. Kh5 Kg7
49. g5 hxg5 50. Kxg5 Kf7 51. Kf5 Ke7 52. Ke5 Kd7
53. Kd5 Kc7 54. b4 Kd7 55. bxc5 bxc5 56. Kxc5 Kc7
57. Kb5 Kb7 58. c5 Kc7 59. c6 Kc8 60. Kb6 Kd8
61. c7+ Kc8 62. Kc6 {Stalemate} 1/2-1/2

[Event "Game 7 - Rated game, 25m + 0s"]
[Site "Main Playing Hall"]
[Date "2002.12.12"]
[Round "?"]
[White "kmreese"]
[Black "JimmyMack"]
[Result "0-1"]
[WhiteElo "1565"]
[BlackElo "1549"]
[PlyCount "62"]
[EventDate "2002.??.??"]
[SourceDate "2002.01.01"]

1. e4 c5 2. Nf3 d6 3. Bc4 Nf6 4. Ng5 e6
5. d3 d5 6. e5 dxc4 7. Nxf7 Kxf7 8. exf6 Qxf6
9. O-O Be7 10. dxc4 Nc6 11. f4 Rd8 12. Qh5+ Kg8
13. Nc3 b6 14. f5 Rf8 15. Be3 Qh4 16. Qf3 Bb7
17. Ne4 Rxf5 18. Qe2 Raf8 19. Bf2 Qh5 20. g4 Qg6
21. Kh1 R5f7 22. Rg1 Nd4 23. Bxd4 Bxe4+ 24. Rg2 Bxg2+
25. Kxg2 cxd4 26. h4 Bxh4 27. Kh1 Rf2 28. Qe5 Qxc2
29. Qxe6+ Kh8 30. Re1 Rh2+ 31. Kg1 Qg2# 0-1

[Event "Game 8 - Rated game, 25m + 0s"]
[Site "Main Playing Hall"]
[Date "2002.12.16"]
[Round "?"]
[White "kmreese"]
[Black "JimmyMack"]
[Result "0-1"]
[WhiteElo "1502"]
[BlackElo "1577"]
[PlyCount "114"]
[EventDate "2002.??.??"]

1. e4 c5 2. Nf3 d6 3. Bc4 Nf6 4. d4 Nxe4
5. d5 g6 6. O-O Bg7 7. c3 Bg4 8. Qa4+ Nd7
9. Bb5 O-O 10. h3 Bxf3 11. gxf3 Nef6 12. Re1 Ne5
13. Re3 Nxd5 14. Re4 Nxf3+ 15. Kh1 a6 16. Be2 Ne5
17. f4 f5 18. Rc4 Nxc4 19. Bxc4 e6 20. Nd2 b5
21. Bxb5 axb5 22. Qxb5 Qh4 23. Nf3 Qxh3+ 24. Nh2 Bh6
25. Bd2 Bxf4 26. Bxf4 Nxf4 27. Rg1 Rfb8 28. Qc4 Nd5
29. b4 Rxa2 30. Qxa2 cxb4 31. Qa7 Rf8 32. Qd7 Nf4
33. cxb4 Rf7 34. Qxd6 Qb3 35. Qxf4 Qd5+ 36. Nf3 e5
37. Qg3 f4 38. Qg4 e4 39. Nh4 e3+ 40. Ng2 h5
41. Qxg6+ Rg7 42. Qe8+ Kh7 43. Kh2 f3 44. Nxe3 Qd6+
45. Kh3 Rxg1 46. Qe4+ Qg6 47. Nf5 f2 48. Qe7+ Qg7
49. Qxg7+ Rxg7 50. Nxg7 f1=Q+ 51. Kh4 Kxg7 52. b5 Qf4+
53. Kh3 Qg4+ 54. Kh2 h4 55. b6 Qg3+ 56. Kh1 h3
57. b7 Qg2# 0-1

[Event "Game 9 - Rated game, 25m + 0s"]
[Site "Main Playing Hall"]
[Date "2002.12.20"]
[Round "?"]
[White "JimmyMack"]
[Black "kmreese"]
[Result "0-1"]
[WhiteElo "1596"]
[BlackElo "1452"]
[PlyCount "62"]
[EventDate "2002.??.??"]

1. e4 c5 2. f4 Nc6 3. Nf3 e6 4. Nc3 Bd6
5. e5 Qc7 6. exd6 Qxd6 7. d3 Nf6 8. Nb5 Qb8
9. Be3 d6 10. Be2 a6 11. Nc3 O-O 12. O-O Qa7
13. h3 d5 14. d4 c4 15. Ne5 Ne7 16. b3 Nf5
17. Bf2 Rd8 18. bxc4 dxc4 19. Bxc4 Nxd4 20. Qb1 b5
21. Bd3 Nh5 22. Nxb5 axb5 23. c3 Bb7 24. cxd4 Nxf4
25. Bxh7+ Kf8 26. d5 Ne2+ 27. Kh1 Qa3 28. dxe6 Bxg2+
29. Kxg2 Nf4+ 30. Kg1 Qxh3 31. Be4 Ne2# 0-1

[Event "Game 10 - Rated game, 25m + 0s"]
[Site "Main Playing Hall"]
[Date "2002.12.20"]
[Round "?"]
[White "kmreese"]
[Black "JimmyMack"]
[Result "1/2-1/2"]
[WhiteElo "1477"]
[BlackElo "1571"]
[PlyCount "126"]
[EventDate "2002.??.??"]

1. e4 c5 2. Bc4 d6 3. Nf3 Nf6 4. e5 dxe5
5. Nxe5 e6 6. Qf3 Bd6 7. Bb5+ Bd7 8. Qxb7 Bxe5
9. Qxa8 Bxb5 10. Qxa7 Ng4 11. Na3 Bc6 12. Qxc5 Bd6
13. Qa7 O-O 14. d3 Qe7 15. Qd4 f5 16. Nc4 Bc5
17. Qf4 Bxf2+ 18. Kf1 Bc5 19. d4 Ba7 20. Bd2 Qh4
21. g3 Qh3+ 22. Ke1 Bxh1 23. Ne5 Nxe5 24. Qxe5 Qxh2
25. Qxe6+ Kh8 26. Be3 Qxg3+ 27. Kd2 Qg2+ 28. Kc3 Qc6+
29. Qxc6 Bxc6 30. Rf1 Be4 31. b4 Rc8+ 32. Kb2 Rxc2+
33. Ka1 Nd7 34. a4 Rc4 35. Ka2 Rxb4 36. Ka3 Rc4
37. a5 Bxd4 38. Bxd4 Rxd4 39. Kb3 Kg8 40. Kc3 Rd5
41. a6 Ra5 42. Rd1 Bd5 43. a7 Rxa7 44. Rxd5 Nf6
45. Rd8+ Kf7 46. Rd3 Rc7+ 47. Kd2 Rd7 48. Ke3 Rxd3+
49. Kxd3 h5 50. Ke3 g5 51. Kf3 Kg6 52. Kg3 g4
53. Kf4 h4 54. Ke3 h3 55. Kf2 Ne4+ 56. Kg1 f4
57. Kh2 Kg5 58. Kg1 g3 59. Kh1 Kg4 60. Kg1 f3
61. Kh1 g2+ 62. Kg1 f2+ 63. Kh2 f1=Q {Stalemate} 1/2-1/2

[Event "Game 11 - Rated game, 15m + 0s"]
[Site "Main Playing Hall"]
[Date "2002.12.23"]
[Round "?"]
[White "JimmyMack"]
[Black "kmreese"]
[Result "1-0"]
[WhiteElo "1494"]
[BlackElo "1356"]
[PlyCount "77"]
[EventDate "2002.??.??"]

1. e4 c5 2. f4 Nc6 3. Nf3 f6 4. Bc4 e5
5. fxe5 fxe5 6. O-O Nf6 7. Nc3 h5 8. Ng5 d5
9. exd5 Bg4 10. Qe1 Nxd5 11. Bxd5 Qxg5 12. d3 Nd4
13. Bxg5 Ne2+ 14. Nxe2 h4 15. Bf7+ Kd7 16. h3 Bh5
17. Nc3 c4 18. Qxe5 Bd6 19. Qe6+ Kc6 20. Bxh5 Rxh5
21. Qxc4+ Kd7 22. Ne4 Rc8 23. Qf7+ Be7 24. Qxe7+ Kc6
25. Qd6+ Kb5 26. c4+ Ka5 27. b4+ Ka4 28. Qd7+ Rc6
29. b5 Rb6 30. Qxg7 a6 31. Rf6 Rxg5 32. Qxg5 Rxf6
33. Qxf6 axb5 34. cxb5 Kxb5 35. Nc3+ Kb4 36. a3+ Kb3
37. a4 b6 38. Nb5 Kc2 39. Qc3# 1-0

[Event "Game 12 - Rated game, 25m + 0s"]
[Site "Main Playing Hall"]
[Date "2002.12.26"]
[Round "?"]
[White "JimmyMack"]
[Black "kmreese"]
[Result "1-0"]
[WhiteElo "1644"]
[BlackElo "1520"]
[Annotator "Black - Resign"]
[PlyCount "59"]
[EventDate "2002.??.??"]

1. e4 c5 2. f4 Nc6 3. Nf3 e6 4. Nc3 d5
5. d3 d4 6. Nb5 f6 7. Be2 Bd7 8. O-O f5
9. Ne5 Nxe5 10. fxe5 Bxb5 11. Bh5+ g6 12. exf5 gxh5
13. fxe6 Ne7 14. Qxh5+ Ng6 15. Bg5 Be7 16. Bh6 Qd5
17. c4 Qxe5 18. Rf5 Qxe6 19. cxb5 O-O-O 20. Raf1 Rd5
21. Rxd5 c4 22. dxc4 d3 23. Rxd3 Bc5+ 24. Kh1 Nf4
25. Qxc5+ Kb8 26. Bxf4+ Ka8 27. Re3 Qd7 28. Bh6 Rc8
29. Qf8 Rxf8 30. Rxf8+ {Black - Resign} 1-0

[Event "Game 13 - Rated game, 25m + 0s"]
[Site "Main Playing Hall"]
[Date "2002.12.26"]
[Round "?"]
[White "kmreese"]
[Black "JimmyMack"]
[Result "0-1"]
[WhiteElo "1508"]
[BlackElo "1651"]
[Annotator "White - Resign"]
[PlyCount "72"]
[EventDate "2002.??.??"]

1. e4 c5 2. Bc4 d6 3. Nf3 Nf6 4. e5 dxe5
5. Nxe5 e6 6. d3 Qc7 7. Bf4 Bd6 8. d4 O-O
9. Bg5 cxd4 10. Bxf6 Bxe5 11. Bh4 Qxc4 12. Nd2 Qc7
13. Nf3 b6 14. O-O Bb7 15. Bg3 Bxg3 16. fxg3 e5
17. Re1 Re8 18. Ng5 Qc6 19. Re4 f6 20. Nxh7 Qxe4
21. Nxf6+ gxf6 22. Qd2 Nd7 23. Re1 Qd5 24. Re2 e4
25. Qh6 Re7 26. h4 Qf7 27. h5 Qg7 28. Qf4 Rae8
29. h6 Qg6 30. b4 Ne5 31. Rxe4 Bxe4 32. h7+ Qxh7
33. Qxf6 Rf8 34. Qg5+ Qg7 35. Qh5 Qxg3 36. Qh1 Rf2 {White - Resign} 0-1

[Event "Game 14 - Rated game, 25m + 0s"]
[Site "Main Playing Hall"]
[Date "2003.03.01"]
[Round "?"]
[White "kmreese"]
[Black "JimmyMack"]
[Result "1-0"]
[WhiteElo "1630"]
[BlackElo "1642"]
[PlyCount "65"]

1. e4 c5 2. f4 d5 3. e5 Bf5 4. Nf3 e6
5. Ng5 Nc6 6. Bb5 a6 7. Bxc6+ bxc6 8. O-O Be7
9. d4 Nh6 10. dxc5 Bxc5+ 11. Kh1 O-O 12. Nc3 Rb8
13. Na4 Qa5 14. c3 Qb5 15. b4 Ba7 16. Nf3 Bg4
17. h3 Bh5 18. g4 Nxg4 19. hxg4 Bxg4 20. Ba3 f6
21. Rg1 Bxf3+ 22. Qxf3 Qxa4 23. Rg2 Qxa3 24. Qg4 Rb7
25. Qxe6+ Kh8 26. Qxc6 Rb6 27. Qd7 Rg8 28. Qxa7 Rbb8
29. Rag1 g6 30. exf6 Qxc3 31. f7 Rg7 32. Qxb8+ Rg8
33. Qxg8# 1-0

[Event "Game 15 - Rated game, 25m + 0s"]
[Site "Main Playing Hall"]
[Date "2003.03.09"]
[Round "?"]
[White "JimmyMack"]
[Black "kmreese"]
[Result "1-0"]
[WhiteElo "1592"]
[BlackElo "1560"]
[PlyCount "111"]

1. e4 c5 2. f4 d5 3. exd5 Qxd5 4. Nc3 Qd8
5. Nf3 Nc6 6. Bc4 Bf5 7. d3 Nd4 8. O-O Nf6
9. Be3 Bg4 10. Bxd4 cxd4 11. Ne4 e6 12. Bb5+ Nd7
13. h3 Bxh3 14. gxh3 Bb4 15. Ne5 Qh4 16. Bxd7+ Kf8
17. Kh2 Bd6 18. c3 Bxe5 19. fxe5 f5 20. Nd6 f4
21. Qg4 Qxg4 22. hxg4 Ke7 23. Ba4 Rhf8 24. Rf3 g5
25. Re1 h5 26. Kh3 Rh8 27. Re4 hxg4+ 28. Kxg4 Rh4+
29. Kxg5 Rah8 30. Rfxf4 R8h5+ 31. Kg6 Rh6+ 32. Kg7 Rh7+
33. Kg8 Rh8+ 34. Kg7 R4h7+ 35. Kg6 Rh6+ 36. Kg5 R6h7
37. Rf7+ Rxf7 38. Nxf7 Kxf7 39. Rf4+ Ke7 40. Rxd4 Rg8+
41. Kh6 Rg2 42. Rd7+ Kf8 43. Rxb7 a5 44. c4 Re2
45. Kg6 Rxe5 46. Kf6 Rf5+ 47. Kxe6 Rf2 48. c5 Re2+
49. Kd6 Rd2 50. Bb5 Rxb2 51. c6 Re2 52. c7 Kf7
53. c8=Q+ Kf6 54. Qf8+ Kg5 55. Rg7+ Kh6 56. Qh8# 1-0

[Event "Game 16 - Rated game, 25m + 0s"]
[Site "Main Playing Hall"]
[Date "2003.03.18"]
[Round "?"]
[White "kmreese"]
[Black "JimmyMack"]
[Result "1-0"]
[WhiteElo "1553"]
[BlackElo "1584"]
[Annotator "Black - Resign"]
[PlyCount "81"]
[EventDate "2003.??.??"]

1. e4 c5 2. f4 d6 3. Bc4 Nf6 4. Nf3 d5
5. exd5 Nxd5 6. Ne5 Bf5 7. d3 Nd7 8. Bxd5 Nxe5
9. Bxf7+ Nxf7 10. O-O e6 11. c4 Be7 12. Qa4+ Qd7
13. Qxd7+ Kxd7 14. Nc3 Nd6 15. Be3 b6 16. d4 Nxc4
17. Bf2 Nxb2 18. dxc5 Nd3 19. Rad1 Kc6 20. Na4 Nxf2
21. Rxf2 b5 22. Nc3 Bxc5 23. Ne2 Bg4 24. Nd4+ Bxd4
25. Rxd4 Bf5 26. Rfd2 g6 27. Rd6+ Kc7 28. Rd7+ Kc8
29. Re7 Rd8 30. Rb2 Rd5 31. Rxh7 a5 32. h3 b4
33. g4 Be4 34. Re2 Bb1 35. Rxe6 Rd7 36. Rc6+ Kd8
37. Rh8+ Ke7 38. Rxa8 Rd1+ 39. Kf2 Be4 40. Ra7+ Kd8
41. Rf6 {Black - Resign} 1-0

[Event "Game 17 - Rated game, 25m + 0s"]
[Site "Main Playing Hall"]
[Date "2003.03.18"]
[Round "?"]
[White "JimmyMack"]
[Black "kmreese"]
[Result "1-0"]
[WhiteElo "1564"]
[BlackElo "1572"]
[PlyCount "35"]

1. e4 e5 2. Nc3 Bc5 3. f4 exf4 4. Nf3 d6
5. d4 Bxd4 6. Qxd4 Nf6 7. Bc4 c5 8. Qd3 Ng4
9. O-O Nc6 10. Bxf7+ Kxf7 11. Qd5+ Be6 12. Qh5+ g6
13. Ng5+ Kg8 14. Qh4 h6 15. Bxf4 hxg5 16. Qxg5 Qb6
17. Qxg6+ Kf8 18. Bxd6# 1-0

[Event "Game 18 - Rated game, 25m + 0s"]
[Site "Main Playing Hall"]
[Date "2003.03.18"]
[Round "?"]
[White "kmreese"]
[Black "JimmyMack"]
[Result "1-0"]
[WhiteElo "1554"]
[BlackElo "1583"]
[Annotator "Black - Time"]
[PlyCount "65"]
[EventDate "2003.??.??"]

1. e4 c5 2. f4 d5 3. e5 Bf5 4. Nf3 e6
5. Bb5+ Nc6 6. Nc3 a6 7. Bxc6+ bxc6 8. d4 c4
9. Na4 Qa5+ 10. Nc3 Rb8 11. Bd2 Rxb2 12. Ne2 Qa3
13. O-O Bxc2 14. Qe1 Bd3 15. Rf2 Rxa2 16. Rd1 Nh6
17. Bc1 Bb4 18. Nd2 Qa5 19. f5 Nxf5 20. Nf4 Bc2
21. Nh5 O-O 22. Rxf5 exf5 23. Nf6+ Kh8 24. Qh4 gxf6
25. exf6 Bxd2 26. Bxd2 Qa3 27. Bh6 Rg8 28. Qh5 Bxd1
29. Qxf7 Raxg2+ 30. Kf1 Qd3+ 31. Ke1 Qd2+ 32. Bxd2 Rg1+
33. Kf2 {Black - Time} 1-0

[Event "Game 19 - Rated game, 25m + 0s"]
[Site "Main Playing Hall"]
[Date "2003.04.14"]
[Round "?"]
[White "JimmyMack"]
[Black "kmreese"]
[Result "1-0"]
[WhiteElo "1561"]
[BlackElo "1575"]
[PlyCount "53"]

1. e4 e5 2. Nc3 Nf6 3. Bc4 c6 4. Nf3 Bc5
5. Nxe5 d6 6. Nxf7 Qb6 7. O-O d5 8. Nxh8 dxc4
9. e5 Ng4 10. Ne4 Bd4 11. Nd6+ Kd8 12. Nxc8 Bxf2+
13. Kh1 Nf6 14. Nxb6 axb6 15. exf6 Bc5 16. fxg7 Kc7
17. g8=Q b5 18. d4 Bd6 19. Nf7 Be7 20. Bf4+ Kb6
21. Bxb8 Ra4 22. Qh5 Bb4 23. c3 Be7 24. Rae1 Rxa2
25. Rxe7 Rxb2 26. Bc7+ Ka6 27. Qa8# 1-0

[Event "Game 20 - Rated game, 25m + 0s"]
[Site "Main Playing Hall"]
[Date "2003.04.29"]
[Round "?"]
[White "JimmyMack"]
[Black "kmreese"]
[Result "0-1"]
[WhiteElo "1611"]
[BlackElo "1563"]
[Annotator "White - Time"]
[PlyCount "41"]
[EventDate "2003.??.??"]

1. e4 c5 2. f4 Nc6 3. Nf3 d5 4. exd5 Qxd5
5. Nc3 Qd8 6. Bc4 Nd4 7. O-O Bg4 8. Qe1 Nxc2
9. Qh4 Bxf3 10. Rb1 Qd4+ 11. Kh1 Qxc4 12. Rxf3 Nd4
13. d3 Nxf3 14. Qf2 Qxd3 15. gxf3 e5 16. fxe5 O-O-O
17. b4 Qxc3 18. bxc5 Rd1+ 19. Kg2 Bxc5 20. Qg3 Qc2+
21. Kh3 {White - Time} 0-1

[Event "Game 21 - Rated game, 25m + 0s"]
[Site "Main Playing Hall"]
[Date "2003.04.29"]
[Round "?"]
[White "kmreese"]
[Black "JimmyMack"]
[Result "1-0"]
[WhiteElo "1583"]
[BlackElo "1590"]
[Annotator "White - Win on disconnect"]
[PlyCount "39"]
[EventDate "2003.??.??"]

1. e4 c5 2. Bc4 d6 3. Nf3 Nf6 4. e5 dxe5
5. Nxe5 e6 6. O-O Nbd7 7. Bb5 a6 8. Bxd7+ Bxd7
9. d4 Qc7 10. Re1 Rd8 11. Bf4 cxd4 12. g3 Bd6
13. Qxd4 Bxe5 14. Rxe5 Qxc2 15. Nd2 Bc6 16. Qb4 Nd5
17. Rxd5 Rxd5 18. Re1 Qc5 19. Bd6 Qxb4 20. Bxb4 { White - Win on disconnect}  
1-0

[Event "Game 22 - Rated game, 25m + 0s"]
[Site "Main Playing Hall"]
[Date "2003.05.04"]
[Round "?"]
[White "JimmyMack"]
[Black "kmreese"]
[Result "0-1"]
[WhiteElo "1614"]
[BlackElo "1584"]
[Annotator "White - Time"]
[PlyCount "68"]
[EventDate "2003.??.??"]

1. e4 c5 2. f4 e5 3. Nf3 exf4 4. Bc4 Nf6
5. Nc3 Nc6 6. O-O Ng4 7. h3 d5 8. Bxd5 Nb4
9. d3 Nf6 10. Bb3 c4 11. Bxc4 Bc5+ 12. Kh1 O-O
13. Bxf4 Nh5 14. Bh2 b5 15. Ne5 bxc4 16. Qxh5 Be6
17. Rf3 Nxc2 18. Rd1 Nd4 19. Rg3 g6 20. Qh6 Bd6
21. Nxg6 Bxg3 22. Nxf8 Qxf8 23. Qe3 Bxh2 24. Qxd4 Bc7
25. Nd5 Bxd5 26. exd5 Bb6 27. Qf6 Re8 28. dxc4 Bf2
29. Qxf2 a5 30. d6 a4 31. d7 Rd8 32. Qg3+ Kh8
33. Qg5 f6 34. Qg4 f5 {White - Time} 0-1

[Event "Game 23 - Rated game, 25m + 0s"]
[Site "Main Playing Hall"]
[Date "2003.05.04"]
[Round "?"]
[White "kmreese"]
[Black "JimmyMack"]
[Result "0-1"]
[WhiteElo "1603"]
[BlackElo "1594"]
[PlyCount "90"]

1. e4 c5 2. Bc4 d6 3. Nf3 Nc6 4. Ng5 e6
5. e5 Nxe5 6. Bb5+ Bd7 7. a4 a6 8. Bxd7+ Qxd7
9. Nc3 Nf6 10. O-O Be7 11. a5 O-O 12. Na4 Qc6
13. d3 h6 14. Nb6 Rad8 15. Ne4 Nxe4 16. dxe4 Qxe4
17. Re1 Qh4 18. g3 Qh3 19. f4 Ng4 20. Re2 Bf6
21. c3 d5 22. Ra2 d4 23. b3 dxc3 24. Nd7 Bd4+
25. Be3 Rxd7 26. Bxd4 cxd4 27. Re4 d3 28. f5 exf5
29. Re1 d2 30. Re2 Rd4 31. b4 f4 32. Ra1 fxg3
33. hxg3 Qxg3+ 34. Rg2 Qxg2+ 35. Kxg2 Ne3+ 36. Kf2 Nxd1+
37. Rxd1 Rxb4 38. Ke2 Rd8 39. Kf3 c2 40. Rxd2 Rxd2
41. Ke3 Rd8 42. Ke2 c1=Q 43. Kf3 Qf4+ 44. Ke2 Rd2+
45. Ke1 Qf2# 0-1